Countries by Frequency of the letter E - Statistics

General Stats
  • This quiz has been taken 5 times
    2 since last reset
  • The average score is 77 of 87
Answer Stats
Hint Answer % Correct
1 Algeria
100%
1 Argentina
100%
1 Armenia
100%
1 Azerbaijan
100%
1 Bangladesh
100%
1 Belarus
100%
1 Belgium
100%
2 Belize
100%
2 Bosnia and Herzegovina
100%
1 Brunei
100%
1 Chile
100%
2 Czech Republic
100%
3 Democratic Republic of the Congo
100%
1 Denmark
100%
1 Dominican Republic
100%
1 Ecuador
100%
1 Egypt
100%
2 Equatorial Guinea
100%
2 Eritrea
100%
1 Estonia
100%
1 Eswatini
100%
1 Ethiopia
100%
5 Federated States of Micronesia
100%
1 France
100%
1 Germany
100%
3 Greece
100%
1 Grenada
100%
1 Guinea
100%
1 Guinea-Bissau
100%
1 Iceland
100%
1 Ireland
100%
1 Israel
100%
1 Kenya
100%
1 Lebanon
100%
3 Liechtenstein
100%
1 Luxembourg
100%
1 Maldives
100%
1 Mexico
100%
1 Nepal
100%
2 Netherlands
100%
2 New Zealand
100%
1 Niger
100%
1 Nigeria
100%
1 North Korea
100%
1 North Macedonia
100%
2 Papua New Guinea
100%
1 Peru
100%
2 Republic of the Congo
100%
4 Saint Vincent and the Grenadines
100%
2 Sao Tome and Principe
100%
2 Senegal
100%
1 Serbia
100%
3 Seychelles
100%
3 Sierra Leone
100%
1 South Korea
100%
1 Suriname
100%
2 Sweden
100%
1 Switzerland
100%
1 Turkey
100%
1 Turkmenistan
100%
1 Ukraine
100%
3 United Arab Emirates
100%
1 United Kingdom
100%
2 United States
100%
1 Uzbekistan
100%
3 Venezuela
100%
1 Vietnam
100%
2 Yemen
100%
1 Zimbabwe
100%
1 Benin
50%
1 Cameroon
50%
1 Central African Republic
50%
1 El Salvador
50%
1 Georgia
50%
1 Guatemala
50%
1 Indonesia
50%
1 Liberia
50%
2 Montenegro
50%
1 Mozambique
50%
1 Philippines
50%
1 Saint Kitts and Nevis
50%
1 Singapore
50%
1 Slovenia
50%
2 Timor-Leste
50%
3 Cape Verde
0%
1 The Bahamas
0%
1 The Gambia
0%
No matching quizzes found
Score Distribution
Percent of People with Each Score
Percentile by Number Answered
Your Score History
You have not taken this quiz since the last reset